Pěvci lásky

Souborné vydání básnického díla velkých římských lyriků z 1. stol. před n. l.

Bibliographic Details
Main Authors: Catullus, Gaius Valerius, asi 84 pred. Kr.-asi 54 pred. Kr (Author), Tibullus (Author), Propertius (Author)
Other Authors: Smrčka, Otakar, 1870-1960 (Translator), Kuťáková, Eva, 1937- (Translator)
Format: Book
Language:Czech
Latin
Published: Praha Svoboda 1973
Edition:3. vyd.
Series:Antická knihovna
Subjects:

MARC

LEADER 00000cam a2200000 a 4500
001 vtls001472553
003 SK-MaSNL
005 20260302073516.0
008 251029s1973 xr g 0000p cze
020 |q (viazané) 
035 |a SNK000427855 
040 |a SNK  |b slo  |c SNK  |e AACR2 
041 1 |a cze  |h lat 
044 |a xr  |c CZ 
072 7 |a 821.124  |x Latinská literatúra, latinsky písaná  |2 konspekt 
080 |a 821(37/38)  |2 2001 
080 |a 821.124  |2 2001 
080 |a 821.124-1  |2 2001 
080 |a (082.21)  |2 2011 
100 1 |a Catullus, Gaius Valerius,  |d asi 84 pred. Kr.-asi 54 pred. Kr  |4 aut  |9 164469 
245 1 |a Pěvci lásky  |c [autoři:] Catullus, Tibullus, Propertius ; z latinských originálů přeložili Otakar Smrčka a kolektiv ; předmluvu napsala Eva Kuťáková 
250 |a 3. vyd. 
260 |a Praha  |b Svoboda  |c 1973 
300 |a 429 s.  |c 21 cm 
490 1 |a Antická knihovna  |v Zv. 18 
500 |a Viazaná 
504 |a Bibliogr. odkazy a pozn. 
520 |a Souborné vydání básnického díla velkých římských lyriků z 1. stol. před n. l. 
650 0 7 |a antická literatúra  |2 SNKPH  |9 92203 
650 0 7 |a Classical literature  |2 SNKPHeng  |9 205956 
650 0 7 |a latinská literatúra  |2 SNKPH  |9 1483 
655 7 |a latinská poézia  |2 SNKPH  |9 70778 
655 7 |a Latin poetry  |2 SNKPHeng  |9 292992 
655 7 |a výbery  |2 SNKPH  |9 67620 
655 7 |a Selections  |2 SNKPHeng  |9 277174 
700 1 |a Tibullus  |4 aut  |9 738008 
700 1 |a Propertius  |4 aut  |9 738009 
700 1 |a Smrčka, Otakar,  |d 1870-1960  |4 trl  |9 738010 
700 1 |a Kuťáková, Eva,  |d 1937-  |4 trl  |9 111859 
830 0 |a Antická knihovna  |9 339505 
852 |a Štátna vedecká knižnica v Banskej Bystrici 
958 |a OND 
999 |c 1161113  |d 1163043 
952 |t P60, <04>, [BOOK], {604}  |a SNK  |b SNK  |y VYP  |7 0  |p 17A0425363  |o snkIC 54705 D1  |i snkKIP 4727/73  |0 0  |1 1  |4 0  |d 2004-04-05  |l 0  |r 2005-01-02 00:00:00  |w 2026-02-24